| 000 | 00701nam a2200217 i 4500 | ||
|---|---|---|---|
| 001 | 92575 | ||
| 003 | ES-MaACL | ||
| 005 | 20250302183634.0 | ||
| 007 | t| | ||
| 008 | 050401s1986 sp ||||1| spa d | ||
| 020 | _a84-398-6793-X | ||
| 080 | _a323.17(465.11)(04) | ||
| 100 | 1 |
_aArbeloa, Víctor Manuel. _922388 |
|
| 245 | 1 | 0 |
_aNavarra quiere seguir existiendo / _cVíctor Manuel Arbeloa ; prólogo de Gregorio Peces Barba. |
| 260 |
_aPamplona : _b[V.M. Arbeloa], _c1986. |
||
| 300 |
_a216 p. ; _c21 cm. |
||
| 650 | 1 | 4 |
_aNacionalismo- _zNavarra (Comunidad Autónoma) _915457 |
| 700 | 1 |
_aPeces-Barba, Gregorio, _d1938- _989835 |
|
| 852 |
_aES-MaACL _jE-10903 _bR.135650 |
||
| 999 |
_c92575 _d92575 |
||